Essays on professions

Bibliographic Details
Main Author: Dingwall, Robert.
Corporate Author: ProQuest (Firm)
Format: Electronic eBook
Language:English
Published: Aldershot, England ; Burlington, VT : Ashgate, c2008.
Series:Ashgate classics in sociology.
Subjects:
Online Access:Click to View
LEADER 01473nam a2200421 a 4500
001 EBC438629
003 MiAaPQ
005 20200520144314.0
006 m o d |
007 cr cn|||||||||
008 070608s2008 enk sb 001 0 eng
010 |z  2007023736 
015 |a GBA770751  |2 bnb 
016 7 |z 013833664  |2 Uk 
020 |z 9780754646143 (alk. paper) 
020 |z 0754646149 (alk. paper) 
035 |a (MiAaPQ)EBC438629 
035 |a (Au-PeEL)EBL438629 
035 |a (CaPaEBR)ebr10215583 
035 |a (CaONFJC)MIL922826 
035 |a (OCoLC)463187194 
040 |a MiAaPQ  |c MiAaPQ  |d MiAaPQ 
050 4 |a HT687  |b .D557 2008 
082 0 4 |a 331.7/1  |2 22 
100 1 |a Dingwall, Robert. 
245 1 0 |a Essays on professions  |h [electronic resource] /  |c Robert Dingwall. 
260 |a Aldershot, England ;  |a Burlington, VT :  |b Ashgate,  |c c2008. 
300 |a xviii, 168 p. 
490 1 |a Ashgate classics in sociology 
504 |a Includes bibliographical references (p. [143]-161) and index. 
533 |a Electronic reproduction. Ann Arbor, MI : ProQuest, 2015. Available via World Wide Web. Access may be limited to ProQuest affiliated libraries. 
650 0 |a Professions  |x Sociological aspects. 
650 0 |a Law. 
650 0 |a Medicine. 
655 4 |a Electronic books. 
710 2 |a ProQuest (Firm) 
830 0 |a Ashgate classics in sociology. 
856 4 0 |u https://ebookcentral.proquest.com/lib/matrademy/detail.action?docID=438629  |z Click to View